书目信息 |
| 题名: |
混凝土结构工程施工监理实用手册
|
|
| 作者: | 吕方全 主编 | |
| 分册: | ||
| 出版信息: | 北京 中国电力出版社 2005.02 |
|
| 页数: | 429页 | |
| 开本: | 26cm | |
| 丛书名: | 建筑工程施工监理实用手册丛书 | |
| 单 册: | ||
| 中图分类: | TU755-62 | |
| 科图分类: | ||
| 主题词: | 混凝土施工--施工监督--手册 | |
| 电子资源: | ||
| ISBN: | 7-5083-3082-X | |
| 000 | 00935nam2 2200265 450 | |
| 001 | 010563647797 | |
| 005 | 20050921171935.03 | |
| 010 | @a7-5083-3082-X@dCNY48.00 | |
| 100 | @a20050726d2005 km y0chiy0120 ea | |
| 101 | 0 | @achi |
| 102 | @aCN@b110000 | |
| 105 | @aa a 000yy | |
| 200 | 1 | @a混凝土结构工程施工监理实用手册@Ahun ning tu jie gou gong cheng shi gong jian li shi yong shou ce@f吕方全主编@Flu fang quan zhu bian |
| 210 | @a北京@c中国电力出版社@d2005.02 | |
| 215 | @a429页@c图@d26cm | |
| 225 | 2 | @a建筑工程施工监理实用手册丛书 |
| 320 | @a有书目。 | |
| 330 | @a本书是一部混凝土结构工程施工监理的实用手册,共分9章,内容包括:建筑工程施工监理基础知识、混凝土工程等。 | |
| 333 | @a建设监理人员 | |
| 410 | 0 | @12001 @a建筑工程施工监理实用手册丛书 |
| 606 | 0 | @a混凝土施工@x施工监督@j手册 |
| 690 | @aTU755-62@v4 | |
| 701 | 0 | @a吕方全@Alu fang quan@4主编 |
| 801 | 0 | @aCN@bQSSK@c20050921 |
| 905 | @a10447@dTU755-62@eL891 | |
| 混凝土结构工程施工监理实用手册/吕方全主编.-北京:中国电力出版社,2005.02 |
| 429页:图;26cm.-(建筑工程施工监理实用手册丛书) |
| 使用对象:建设监理人员 |
| ISBN 7-5083-3082-X:CNY48.00 |
| 本书是一部混凝土结构工程施工监理的实用手册,共分9章,内容包括:建筑工程施工监理基础知识、混凝土工程等。 |
| ● |
| 相关链接 |
|
|
|
正题名:混凝土结构工程施工监理实用手册
索取号:TU755-62/L891
 
预约/预借
| 序号 | 登录号 | 条形码 | 馆藏地/架位号 | 状态 | 备注 |
| 1 | 526197 | 205261973 | 建筑库201/201建筑库 42排4列2层/ [索取号:TU755-62/L891] | 在馆 | |
| 2 | 526198 | 205261982 | 建筑库201/201建筑库 42排4列2层/ [索取号:TU755-62/L891] | 在馆 |